Benavente / (Record no. 100718)

MARC details
000 -LEADER
campo de control de longitud fija 00649nam a2200217 i 4500
001 - NÚMERO DE CONTROL
campo de control 100718
003 - IDENTIFICADOR DE NÚMERO DE CONTROL
campo de control ES-MaACL
005 - FECHA Y HORA DE LA ÚLTIMA TRANSACCIÓN
campo de control 20250829041757.0
007 - CAMPO FIJO DE DESCRIPCIÓN FÍSICA--INFORMACIÓN GENERAL
campo de control de longitud fija t|
008 - DATOS DE LONGITUD FIJA--INFORMACIÓN GENERAL
campo de control de longitud fija 051004s1969 sp |||| |bspa d
080 ## - NÚMERO DE LA CLASIFICACIÓN DECIMAL UNIVERSAL
Número de la Clasificación Decimal Universal 929 Benavente, Jacinto
100 1# - ENTRADA PRINCIPAL--NOMBRE DE PERSONA
Nombre de persona Mathias, Julio.
9 (RLIN) 79039
245 10 - MENCIÓN DEL TÍTULO
Título Benavente /
Mención de responsabilidad, etc. Julio Mathias.
260 ## - PUBLICACIÓN, DISTRIBUCIÓN, ETC.
Lugar de publicación, distribución, etc. Madrid :
Nombre del editor, distribuidor, etc. Epesa,
Fecha de publicación, distribución, etc. 1969.
300 ## - DESCRIPCIÓN FÍSICA
Extensión 161 p. ;
Dimensiones 17 cm.
490 1# - MENCIÓN DE SERIE
Mención de serie Grandes escritores contemporáneos ;
Designación de volumen o secuencia 7
600 14 - PUNTO DE ACCESO ADICIONAL DE MATERIA--NOMBRE DE PERSONA
Nombre de persona Benavente, Jacinto,
Fechas asociadas al nombre 1866-1954
9 (RLIN) 27443
830 10 - PUNTO DE ACCESO ADICIONAL DE SERIE-TÍTULO UNIFORME
Título uniforme Grandes escritores contemporáneos (Epesa)
Designación de volumen o secuencia 7
9 (RLIN) 180697
852 4# - LOCALIZACIÓN
Ubicación ES-MaACL
Número de control de estantería C-40509
Holdings
Estatus retirado Estado de pérdida Estado de daño No para préstamo Biblioteca de origen Biblioteca actual Ubicación en estantería Fecha de adquisición Fuente de adquisición Total de préstamos Signatura topográfica completa Código de barras Visto por última vez Precio de reemplazo Tipo de ítem Koha
        Biblioteca del Ateneo de Madrid Biblioteca del Ateneo de Madrid Depósito 2 17/01/2008     C-40509 1105154 23/02/2023 23/02/2023 Libro impreso